00406nam a2200133 a 4500008004100000020001500041050001600056100002200072245005300094246005500147260004000202300002100242350000900263120416s0000 ||||||||||||||||| || u a0821331876 aIBRD(08)SET aLieberman, Iran W10aRussiacedited by Iran W. Lieberman [and others] acreating private enterprises and efficient markets aWashington, D. C.bWorld Bankc1995 aix, 255p. : ill. a0.00